<?xml version="1.0" encoding="UTF-8"?><?xml-stylesheet type="text/xsl" href="static/style.xsl"?><OAI-PMH xmlns="http://www.openarchives.org/OAI/2.0/" xmlns:xsi="http://www.w3.org/2001/XMLSchema-instance" xsi:schemaLocation="http://www.openarchives.org/OAI/2.0/ http://www.openarchives.org/OAI/2.0/OAI-PMH.xsd"><responseDate>2026-04-17T15:07:23Z</responseDate><request verb="GetRecord" identifier="oai:www.recercat.cat:10230/60823" metadataPrefix="marc">https://recercat.cat/oai/request</request><GetRecord><record><header><identifier>oai:recercat.cat:10230/60823</identifier><datestamp>2025-12-21T20:47:28Z</datestamp><setSpec>com_2072_6</setSpec><setSpec>col_2072_452954</setSpec></header><metadata><record xmlns="http://www.loc.gov/MARC21/slim" xmlns:dcterms="http://purl.org/dc/terms/" xmlns:xsi="http://www.w3.org/2001/XMLSchema-instance" xmlns:doc="http://www.lyncode.com/xoai" xsi:schemaLocation="http://www.loc.gov/MARC21/slim http://www.loc.gov/standards/marcxml/schema/MARC21slim.xsd">
   <leader>00925njm 22002777a 4500</leader>
   <datafield ind2=" " ind1=" " tag="042">
      <subfield code="a">dc</subfield>
   </datafield>
   <datafield ind2=" " ind1=" " tag="720">
      <subfield code="a">Barriga Gómez, Mateo</subfield>
      <subfield code="e">author</subfield>
   </datafield>
   <datafield ind2=" " ind1=" " tag="260">
      <subfield code="c">2024-07-24T15:14:30Z</subfield>
   </datafield>
   <datafield ind2=" " ind1=" " tag="260">
      <subfield code="c">2024-07-24T15:14:30Z</subfield>
   </datafield>
   <datafield ind2=" " ind1=" " tag="260">
      <subfield code="c">2023</subfield>
   </datafield>
   <datafield ind2=" " ind1=" " tag="520">
      <subfield code="a">Màster en Economia de la Salut i el Medicament (UPF Barcelona School of Management). Curs 2021-2023</subfield>
   </datafield>
   <datafield ind2=" " ind1=" " tag="520">
      <subfield code="a">Mentor: Jorge Mestre-Ferrándiz</subfield>
   </datafield>
   <datafield ind2=" " ind1=" " tag="520">
      <subfield code="a">En Colombia, hay una combinación fiscal insostenible en el gasto sanitario. En los 5 últimos años de prepandemia, el crecimiento del PIB fue del 2,7%, mientras que el crecimiento del expendio en salud del 5,4% y el aumento en tecnologías en salud del 9%. Adicionalmente, &#xd;
el 65% de los medicamentos son importados (que implica una alta exposición tanto cambiaria como de abastecimiento), un gasto de bolsillo del 15% (más bajo de la región), junto con un sistema de salud con participación de varios intermediarios, y altos gastos de transacción e intermediación. &#xd;
El objetivo de este trabajo es comparar el sistema actual versus la propuesta de desarrollar una integración vertical por medio de una agencia pública de medicamentos, que permitiría: por un lado, aumentar la soberanía sobre el mercado farmacéutico, disminuyendo la dependencia de terceros, acortando la cadena de valor, y por otro, &#xd;
reduciría los costos en medicamentos, por medio de la fabricación e importación directa de un grupo específico de fármacos de alto impacto financiero en el sistema de salud. &#xd;
Como resultado, habría un ahorro del 58,8% anual debido a la minimización de costos del grupo de medicamentos escogido, mientras se cumplirían los objetivos de aumentar la soberanía farmacéutica y la sostenibilidad del sistema de salud.</subfield>
   </datafield>
   <datafield tag="653" ind2=" " ind1=" ">
      <subfield code="a">Treball de fi de màster - Curs 2021-2023</subfield>
   </datafield>
   <datafield tag="653" ind2=" " ind1=" ">
      <subfield code="a">Soberanía farmacéutica</subfield>
   </datafield>
   <datafield tag="653" ind2=" " ind1=" ">
      <subfield code="a">Medicamentos</subfield>
   </datafield>
   <datafield tag="653" ind2=" " ind1=" ">
      <subfield code="a">Gestión de medicamentos</subfield>
   </datafield>
   <datafield tag="653" ind2=" " ind1=" ">
      <subfield code="a">Política farmacéutica</subfield>
   </datafield>
   <datafield tag="653" ind2=" " ind1=" ">
      <subfield code="a">Biosimilares</subfield>
   </datafield>
   <datafield ind2="0" ind1="0" tag="245">
      <subfield code="a">Integración vertical de medicamentos: ¿un paso a la soberanía farmacéutica?</subfield>
   </datafield>
</record></metadata></record></GetRecord></OAI-PMH>